000 01016nam a22003257a 4500
003 CHAP
005 20220329140009.0
008 971013s1977 r 00010 d
010 _a45269
011 _a46241
035 _a50382
040 _cCHAP
090 _aFolleto 4053
100 0 0 _aRees, H. H.
_995439
245 _aInsect biochemistry
260 _aLondon :
_bChapman and Hall,
_c1977
300 _a64 p.
490 _aOutline studies in biology
590 _aBATCH-UPD
_b10
_c20130110
_lUCH01
_h1925
590 _aBATCH-UPD
_b10
_c20130410
_lUCH01
_h1250
590 _aBATCH-UPD
_b10
_c20130914
_lUCH01
_h1646
590 _aCONVERSION
_b10
_c20130109
_lUCH01
_h1325
650 1 4 _aInsectos
_xAnatomĂ­a y fisiologĂ­a.
_958891
830 0 _aOutline studies in biology
_984366
901 _aBK
942 _cFOLL
949 _aFolleto 4053
_bBC
_cFOLL
_d-113188
_eTS1
_i50382
_si
949 _aFolleto 4053
_bBC
_cFOLL
_d-113189
_eTS2
_fc.2
_i50382
_si
949 _aFolleto 4053
_bBC
_cFOLL
_d-113190
_eTS2
_fc.3
_i50382
_si
999 _c45269
_d45269